| 000 -ლიდერი |
| ფიქსირებული სიგრძის საკონტროლო ველი |
01608nam a2200313Ia 4500 |
| 001 - საკონტროლო ნომერი |
| საკონტროლო ველი |
23518 |
| 003 - საკონტროლო ნომრის იდენტიფიკატორი |
| საკონტროლო ველი |
GE_BSU |
| 005 - ბოლო ოპერაციის თარიღი და დრო |
| საკონტროლო ველი |
20260211153428.0 |
| 008 - ფიქსირებული სიგრძის მონაცემთა ელემენტები - ზოგადი ინფორმაცია |
| ფიქსირებული სიგრძის საკონტროლო ველი |
181216s2002||||ge |||||||||||||| ||geo|| |
| 020 ## - წიგნის საერთაშორისო სტანდარტული ნომერი |
| International Standard Book Number |
9992894032 |
| 040 ## - კატალოგიზაციის წყარო |
| Transcribing agency |
GE_BSU |
| 041 ## - ენის კოდი |
| Language code of text/sound track or separate title |
geo |
| 080 ## - უნივერსალური ათობითი კლასიფიკაციის ინდექსი |
| Universal Decimal Classification number |
94(479.22)(075.3) ვ-26 |
| 100 ## - მთავარი ჩანაწერი - პიროვნების სახელი |
| Personal name |
ვაჩნაძე, მერაბ |
| 9 (RLIN) |
26876 |
| 245 ## - ცნობა სათაურის შესახებ |
| Title |
საქართველოს ისტორია (XIX-XX სს.) : |
| Remainder of title |
მე-9 კლ. სახელმძღვანელო / |
| Statement of responsibility, etc |
მერაბ ვაჩნაძე, ვახტანგ გურული ; რუკების ავტ. მანანა შეყილაძე ; რედ.: დიმიტრი შველიძე. |
| 250 ## - გამოცემის ცნობა |
| Edition statement |
მესამე გადამუშავებული გამოცემა |
| 260 ## - გამოქვეყნების, გავრცელების, და სხვა. ცნობები |
| Place of publication, distribution, etc |
თბილისი |
| 260 ## - გამოქვეყნების, გავრცელების, და სხვა. ცნობები |
| Name of publisher, distributor, etc |
არტანუჯი |
| 260 ## - გამოქვეყნების, გავრცელების, და სხვა. ცნობები |
| Date of publication, distribution, etc |
2002 |
| 300 ## - ფიზიკური აღწერა |
| Extent |
205 გვ. : |
| Other physical details |
ილ. ; |
| Dimensions |
29 სმ. |
| 500 ## - ზოგადი შენიშვნა |
| General note |
გარეკანზე ავტ. მითითებულნი არ არიან
|
| 653 ## - INDEX TERM--UNCONTROLLED |
| Uncontrolled term |
მე-9 კლ. სახელმძღვანელო |
| 653 ## - INDEX TERM--UNCONTROLLED |
| Uncontrolled term |
საქართველოს ისტორია (XIX-XX ს.) |
| 700 ## - ADDED ENTRY--PERSONAL NAME |
| Dates associated with a name |
გურული, ვახტანგ, ავტ. |
| Relator term |
ავტორი |
| 9 (RLIN) |
26877 |
| 700 ## - ADDED ENTRY--PERSONAL NAME |
| Personal name |
შეყილაძე, მანანა |
| Relator term |
რუკების ავტორი |
| 9 (RLIN) |
22292 |
| 700 ## - ADDED ENTRY--PERSONAL NAME |
| Personal name |
შველიძე, დიმიტრი |
| Relator term |
რედაქტორი |
| 9 (RLIN) |
26878 |
| 942 ## - ADDED ENTRY ELEMENTS (KOHA) |
| Koha item type |
წიგნი |
| Source of classification or shelving scheme |
|